[Event "Norway Chess op"]
[Site "Stavanger"]
[Date "2024.05.26"]
[Round "4"]
[White "Seo, Jung Min"]
[Black "Blomqvist, Erik"]
[Result "1-0"]
[WhiteElo "2451"]
[BlackElo "2527"]
[PlyCount "107"]
[EventDate "2024.05.24"]
[EventType "swiss"]
[EventRounds "9"]
[EventCountry "NOR"]
[SourceTitle "CB23_2024"]
[SourceDate "2024.06.05"]
[SourceVersion "1"]
[SourceVersionDate "2024.06.05"]
[SourceQuality "1"]

1. e4 e5 2. Nf3 Nc6 3. Bb5 a6 4. Ba4 Nf6 5. d3 b5 6. Bb3 Bc5 7. c3 d6 8. Bg5 h6 9. Bh4 Bb6 10. a4 Rb8 11. axb5 axb5 12. Na3 Na7 13. Nc2 Be6 14. Bxe6 fxe6 15. Nb4 0-0 16. Rxa7 Bxa7 17. Nc6 Qe8 18. Nxb8 Qxb8 19. 0-0 Bb6 20. b4 Qe8 21. Re1 Nh5 22. d4 exd4 23. Nxd4 e5 24. Nf5 Kh7 25. Bg3 Qf7 26. Qe2 Nf6 27. Qxb5 Nxe4 28. Rxe4 Qxf5 29. Qe2 Ra8 30. h3 Ra3 31. Rc4 Ra1+ 32. Kh2 Qb1 33. Qe4+ Qxe4 34. Rxe4 g5 35. f3 Bg1+ 36. Kh1 Bd4+ 37. Kh2 Bxc3 38. Rc4 Bd4 39. Rxc7+ Kg6 40. h4 Bg1+ 41. Kh3 Bb6 42. h5+ Kf5 43. Rf7+ Ke6 44. Rh7 g4+ 45. Kxg4 Be3 46. f4 Rb1 47. Rxh6+ Kd5 48. Rf6 Rxb4 49. h6 Rb7 50. Kh5 Ke4 51. fxe5 dxe5 52. Kg6 Bxh6 53. Kxh6 Rb2 54. Bf2 1-0

[Event "Fagernes op"]
[Site "Fagernes"]
[Date "2024.03.26"]
[Round "3"]
[White "Doshi, Moksh Amitbhai"]
[Black "Blomqvist, Erik"]
[Result "1/2-1/2"]
[WhiteElo "2353"]
[BlackElo "2511"]
[PlyCount "110"]
[EventDate "2024.03.24"]
[EventType "swiss"]
[EventRounds "9"]
[EventCountry "NOR"]
[SourceTitle "CB14_2024"]
[SourceDate "2024.04.01"]
[SourceVersion "1"]
[SourceVersionDate "2024.04.01"]
[SourceQuality "1"]

1. d4 Nf6 2. c4 e6 3. Nf3 b6 4. g3 Ba6 5. Qc2 c5 6. d5 exd5 7. cxd5 Bb7 8. Bg2 Nxd5 9. 0-0 Nc6 10. Rd1 Be7 11. Qf5 Nf6 12. e4 g6 13. Qf4 0-0 14. Nc3 d6 15. b3 Nh5 16. Qd2 Bf6 17. Bb2 Ng7 18. Nb5 Bxb2 19. Qxb2 Qe7 20. Nxd6 Rad8 21. Nxb7 Qxb7 22. Qf6 Ne6 23. h4 Qe7 24. Qxe7 Nxe7 25. Bh3 Rxd1+ 26. Rxd1 Rd8 27. Rxd8+ Nxd8 28. Bd7 Nec6 29. Bxc6 Nxc6 30. Kf1 f6 31. Ke2 Kf7 32. Nd2 Ke6 33. Ke3 b5 34. g4 h6 35. f4 g5 36. hxg5 hxg5 37. a4 gxf4+ 38. Kxf4 c4 39. bxc4 bxa4 40. Nb1 Ne5 41. Na3 a6 42. g5 fxg5+ 43. Kxg5 Nd3 44. c5 Kd7 45. Kf5 Kc6 46. e5 Nb4 47. e6 Nd5 48. Ke4 Kxc5 49. Nc2 a5 50. Kd3 Nf4+ 51. Kc3 Nxe6 52. Kb2 Kc4 53. Ka3 Nc5 54. Ne3+ Kd4 55. Nf5+ Ke5 1/2-1/2

[Event "EU-chT 24th"]
[Site "Budva"]
[Date "2023.11.13"]
[Round "3.9"]
[White "Blomqvist, Erik"]
[Black "Mamedyarov, Shakhriyar"]
[Result "0-1"]
[WhiteElo "2520"]
[BlackElo "2734"]
[PlyCount "86"]
[EventDate "2023.11.11"]
[EventType "team-swiss"]
[EventRounds "9"]
[EventCountry "MNE"]
[SourceTitle "CB47_2023"]
[SourceDate "2023.11.22"]
[SourceVersion "1"]
[SourceVersionDate "2023.11.22"]
[SourceQuality "1"]
[WhiteTeam "Sweden"]
[BlackTeam "Azerbaijan"]
[WhiteTeamCountry "SWE"]
[BlackTeamCountry "AZE"]

1. e4 e6 2. d4 d5 3. Nc3 Nf6 4. Bg5 dxe4 5. Nxe4 Nbd7 6. Nf3 h6 7. Nxf6+ Nxf6 8. Bxf6 Qxf6 9. Qd3 Bd6 10. 0-0-0 Bd7 11. g3 Bc6 12. Bg2 0-0 13. Qe2 a5 14. Ne1 a4 15. a3 Rfd8 16. f4 Bd5 17. Bxd5 exd5 18. Nf3 Re8 19. Ne5 Qf5 20. Qb5 f6 21. Nd3 Reb8 22. Nc5 c6 23. Qb6 Qc8 24. Kb1 Kf7 25. Rhf1 Qc7 26. Qxc7+ Bxc7 27. Rde1 Bd6 28. Nd3 Re8 29. Kc1 Kg6 30. Kd2 h5 31. Re3 Re4 32. f5+ Kg5 33. h4+ Kh6 34. Rxe4 dxe4 35. Nf4 Ra5 36. Ke3 Rb5 37. Kxe4 Rxb2 38. c4 Rb3 39. Ne6 Bxa3 40. c5 Bb2 41. Rg1 a3 42. g4 hxg4 43. Rxg4 Bc1 0-1

[Event "Stockholm Elite Hotels GP"]
[Site "Stockholm"]
[Date "2023.11.05"]
[Round "7"]
[White "Blomqvist, Erik"]
[Black "Reimanis, Ritvars"]
[Result "1-0"]
[WhiteElo "2520"]
[BlackElo "2348"]
[PlyCount "61"]
[EventDate "2023.11.03"]
[EventType "swiss"]
[EventRounds "8"]
[EventCountry "SWE"]
[SourceTitle "Mega2024 Update 01"]
[Source "Chessbase"]
[SourceDate "2023.11.12"]
[SourceVersion "1"]
[SourceVersionDate "2023.11.12"]
[SourceQuality "1"]

1. e4 e5 2. Nf3 Nc6 3. Bb5 Nf6 4. d3 Bc5 5. Bxc6 dxc6 6. 0-0 Qe7 7. Nbd2 Nd7 8. Nc4 f6 9. c3 Bd6 10. b4 c5 11. a3 0-0 12. Re1 Rd8 13. d4 cxd4 14. cxd4 Nb6 15. Na5 c6 16. Bb2 exd4 17. Bxd4 Be6 18. Qc2 Rac8 19. e5 fxe5 20. Bxe5 Rc7 21. h4 h6 22. Qg6 Bxe5 23. Rxe5 Rd6 24. Rae1 Qf7 25. h5 Re7 26. Nxb7 Rxb7 27. Rxe6 Rxe6 28. Rxe6 Nd7 29. Rxc6 Qe7 30. Re6 Qf7 31. Ne5 1-0

[Event "EU-Cup 38th"]
[Site "Durres"]
[Date "2023.10.05"]
[Round "5.1"]
[White "Sarana, Alexey"]
[Black "Blomqvist, Erik"]
[Result "1-0"]
[WhiteElo "2682"]
[BlackElo "2509"]
[PlyCount "101"]
[EventDate "2023.10.01"]
[EventType "team-swiss"]
[EventRounds "7"]
[EventCountry "ALB"]
[SourceTitle "EXT 2024"]
[Source "ChessBase"]
[SourceDate "2023.10.10"]
[SourceVersion "1"]
[SourceVersionDate "2023.10.10"]
[SourceQuality "1"]
[WhiteTeam "Ajka Sentimento"]
[BlackTeam "Umea Rockaden"]
[WhiteTeamCountry "HUN"]
[BlackTeamCountry "SWE"]

1. c4 e5 2. g3 Nf6 3. Bg2 c6 4. Nf3 e4 5. Nd4 Qb6 6. Nc2 d5 7. Nc3 Be7 8. 0-0 0-0 9. cxd5 cxd5 10. d3 Nc6 11. dxe4 dxe4 12. Nd5 Qc5 13. Nxe7+ Qxe7 14. b3 Rd8 15. Qe1 Qe5 16. Be3 h6 17. Rd1 Be6 18. f3 Qb2 19. Rxd8+ Rxd8 20. Qb1 Qxb1 21. Rxb1 exf3 22. exf3 Bf5 23. Rc1 Nd5 24. Bd2 Nc7 25. Be1 Re8 26. Bf2 Nb5 27. Bf1 a6 28. a4 Nc7 29. Nb4 Bd7 30. Nd3 Ne6 31. Rc3 Rc8 32. Be2 Ncd4 33. Rxc8+ Bxc8 34. Bd1 b5 35. Be3 Bb7 36. Kf2 Bd5 37. Bxd4 Nxd4 38. Nc5 bxa4 39. bxa4 a5 40. Ke3 Nc6 41. Bb3 Bxb3 42. Nxb3 f5 43. Kd3 Ne5+ 44. Kd4 Nxf3+ 45. Kd5 Ng5 46. Nxa5 Ne4 47. Kd4 Kf7 48. Nb7 Ke7 49. a5 Kd7 50. Nc5+ Nxc5 51. Kxc5 1-0

[Event "Riga Tech op-A"]
[Site "Riga"]
[Date "2023.08.11"]
[Round "7"]
[White "Wadsworth, Matthew J"]
[Black "Blomqvist, Erik"]
[Result "0-1"]
[WhiteElo "2445"]
[BlackElo "2488"]
[PlyCount "66"]
[EventDate "2023.08.07"]
[EventType "swiss"]
[EventRounds "9"]
[EventCountry "LAT"]
[SourceTitle "CBM 215 Extra"]
[Source "ChessBase"]
[SourceDate "2023.09.30"]
[SourceVersion "1"]
[SourceVersionDate "2023.09.30"]
[SourceQuality "1"]

1. Nf3 d5 2. g3 g6 3. Bg2 Bg7 4. d4 Nf6 5. 0-0 0-0 6. c4 dxc4 7. Na3 c5 8. Nxc4 Be6 9. Ne3 Nc6 10. dxc5 Qa5 11. Nd4 Nxd4 12. Qxd4 Nd7 13. Qd2 Qxc5 14. Bxb7 Rab8 15. Bd5 Bh3 16. Rd1 a5 17. Rb1 Nb6 18. b4 Qb5 19. Bg2 Bxg2 20. Kxg2 Na4 21. Rb3 axb4 22. Qd3 Qb7+ 23. Qd5 Qa7 24. Bd2 Rfd8 25. Qf3 Nb2 26. Rxb2 Bxb2 27. Nd5 e6 28. Be3 Qb7 29. Rb1 Bc3 30. Nb6 Bd4 31. Rxb4 Bxe3 32. fxe3 Qc7 33. Na8 Qa7 0-1

[Event "Parnu Keres Memorial op"]
[Site "Parnu"]
[Date "2023.07.25"]
[Round "3"]
[White "Lu, Miaoyi"]
[Black "Blomqvist, Erik"]
[Result "0-1"]
[WhiteElo "2171"]
[BlackElo "2500"]
[PlyCount "78"]
[EventDate "2023.07.24"]
[EventType "swiss"]
[EventRounds "9"]
[EventCountry "EST"]
[SourceTitle "CBM 215 Extra"]
[Source "ChessBase"]
[SourceDate "2023.09.30"]
[SourceVersion "1"]
[SourceVersionDate "2023.09.30"]
[SourceQuality "1"]

1. e4 c5 2. Nf3 e6 3. Nc3 a6 4. g3 b5 5. Bg2 Bb7 6. d4 cxd4 7. Nxd4 Nf6 8. 0-0 b4 9. Na4 Bxe4 10. Bxe4 Nxe4 11. Re1 Nc5 12. Qf3 Ra7 13. Be3 Nxa4 14. Nxe6 fxe6 15. Bxa7 Nc6 16. Rad1 Qc8 17. Bd4 Nxd4 18. Rxd4 Be7 19. Qh5+ g6 20. Qh6 Nxb2 21. c4 Qc5 22. Qg7 Rf8 23. Rd2 Nd3 24. Ree2 Bf6 25. Qxh7 Qf5 26. Re3 Rh8 27. Qxh8+ Bxh8 28. Rexd3 Bc3 29. Rd1 e5 30. Rd5 Qc2 31. Rd6 Bd4 32. Rf1 Qxa2 33. Rxg6 b3 34. Rg8+ Kf7 35. Rb8 b2 36. h4 Qxc4 37. h5 a5 38. Kg2 a4 39. Rh1 Qc6+ 0-1

[Event "SWE-ch"]
[Site "Helsingborg"]
[Date "2023.07.07"]
[Round "7"]
[White "Sivuk, Vitaly"]
[Black "Blomqvist, Erik"]
[Result "1-0"]
[WhiteElo "2432"]
[BlackElo "2500"]
[PlyCount "115"]
[EventDate "2023.07.01"]
[EventType "tourn"]
[EventRounds "9"]
[EventCountry "SWE"]
[EventCategory "8"]
[SourceTitle "CBM 215 Extra"]
[Source "ChessBase"]
[SourceDate "2023.09.30"]
[SourceVersion "1"]
[SourceVersionDate "2023.09.30"]
[SourceQuality "1"]

1. e4 e6 2. d4 d5 3. Nd2 c5 4. Ngf3 Nc6 5. exd5 exd5 6. Bb5 Qe7+ 7. Be2 Qc7 8. 0-0 Nf6 9. Re1 cxd4 10. Nb3 Bb4 11. Bd2 Bxd2 12. Qxd2 0-0 13. Nfxd4 Bd7 14. Rad1 Qb6 15. Nxc6 Bxc6 16. Qd4 Qxd4 17. Nxd4 Bd7 18. f3 h5 19. h4 Rfe8 20. Kf2 Kf8 21. c3 Re5 22. Bd3 Rae8 23. Rxe5 Rxe5 24. Bc2 Ke7 25. Bb3 a5 26. a3 Kd6 27. Nc2 Kc5 28. Ne3 Bc6 29. Bc2 Re8 30. b4+ axb4 31. cxb4+ Kb6 32. a4 Rc8 33. Bb3 Be8 34. Rd4 Rc3 35. Nxd5+ Nxd5 36. a5+ Kb5 37. Bxd5 Rc7 38. Be4 Bd7 39. Bd3+ Ka4 40. Ke3 Be6 41. Kd2 g6 42. g4 hxg4 43. fxg4 Rc8 44. h5 gxh5 45. gxh5 Rh8 46. Rh4 Rh6 47. a6 bxa6 48. b5+ Ka5 49. bxa6 Bd5 50. Be2 Kb6 51. Ke3 Ka7 52. Rd4 Bc6 53. Kf4 f6 54. Rd8 Ba4 55. Rg8 Rh7 56. Rf8 Rh6 57. Rf7+ Kb6 58. Rb7+ 1-0

[Event "SWE-ch"]
[Site "Helsingborg"]
[Date "2023.07.03"]
[Round "3"]
[White "Pantzar, Milton"]
[Black "Blomqvist, Erik"]
[Result "1/2-1/2"]
[WhiteElo "2442"]
[BlackElo "2500"]
[PlyCount "33"]
[EventDate "2023.07.01"]
[EventType "tourn"]
[EventRounds "9"]
[EventCountry "SWE"]
[EventCategory "8"]
[SourceTitle "CBM 215 Extra"]
[Source "ChessBase"]
[SourceDate "2023.09.30"]
[SourceVersion "1"]
[SourceVersionDate "2023.09.30"]
[SourceQuality "1"]

1. d4 Nf6 2. c4 e6 3. Nf3 d5 4. cxd5 exd5 5. Nc3 Bb4 6. Bg5 h6 7. Bxf6 Qxf6 8. Qa4+ Nc6 9. e3 0-0 10. Be2 Rd8 11. 0-0 Bf8 12. Rac1 a6 13. Qb3 Na5 14. Qc2 Nc6 15. Qb3 Na5 16. Qc2 Nc6 17. Qb3 1/2-1/2

[Event "SWE-ch"]
[Site "Helsingborg"]
[Date "2023.07.02"]
[Round "2"]
[White "Blomqvist, Erik"]
[Black "Johansson, Linus"]
[Result "0-1"]
[WhiteElo "2500"]
[BlackElo "2466"]
[PlyCount "70"]
[EventDate "2023.07.01"]
[EventType "tourn"]
[EventRounds "9"]
[EventCountry "SWE"]
[EventCategory "8"]
[SourceTitle "CBM 215 Extra"]
[Source "ChessBase"]
[SourceDate "2023.09.30"]
[SourceVersion "1"]
[SourceVersionDate "2023.09.30"]
[SourceQuality "1"]

1. e4 c5 2. Nf3 Nc6 3. d4 cxd4 4. Nxd4 Nf6 5. Nc3 e5 6. Ndb5 d6 7. Bg5 a6 8. Na3 b5 9. Nab1 Be7 10. Bxf6 Bxf6 11. a4 b4 12. Nd5 0-0 13. Bc4 g6 14. 0-0 Bg5 15. c3 Na5 16. Ba2 b3 17. Bxb3 Rb8 18. Ra3 Bd7 19. f4 exf4 20. Nd2 Rb7 21. Kh1 Qe8 22. Nf3 Bd8 23. Ba2 Rxb2 24. Qc1 Re2 25. Nxf4 Rxe4 26. Bd5 Re3 27. c4 Rxa3 28. Qxa3 Qe7 29. h4 Nc6 30. Ng5 Ne5 31. g3 Ng4 32. Nxf7 Rxf7 33. Nxg6 Qe2 34. Bxf7+ Kg7 35. Qc3+ Bf6 0-1

[Event "Norway Chess op"]
[Site "Stavanger"]
[Date "2023.06.02"]
[Round "9"]
[White "Blomqvist, Erik"]
[Black "Pourkashiyan, Atousa"]
[Result "1/2-1/2"]
[WhiteElo "2521"]
[BlackElo "2282"]
[PlyCount "83"]
[EventDate "2023.05.27"]
[EventType "swiss"]
[EventRounds "10"]
[EventCountry "NOR"]
[SourceTitle "CBM 214 Extra"]
[Source "ChessBase"]
[SourceDate "2023.07.31"]
[SourceVersion "1"]
[SourceVersionDate "2023.07.31"]
[SourceQuality "1"]

1. Nf3 d5 2. d4 Nf6 3. Bf4 e6 4. e3 c5 5. Nbd2 Nc6 6. c3 cxd4 7. exd4 Nh5 8. Be3 Bd6 9. Bd3 Nf4 10. Bxf4 Bxf4 11. g3 Bd6 12. 0-0 0-0 13. Re1 Bd7 14. a3 Rc8 15. Rc1 Be7 16. Qe2 a6 17. Qe3 Re8 18. b4 Bf6 19. Qf4 g5 20. Qg4 e5 21. Qh5 e4 22. Nxe4 dxe4 23. Rxe4 Rxe4 24. Bxe4 Nxd4 25. Nxd4 Bxd4 26. Rd1 Bxf2+ 27. Kg2 Qf6 28. Rxd7 Be3 29. Qxh7+ Kf8 30. Rxb7 Rxc3 31. Rxf7+ Qxf7 32. Qh8+ Ke7 33. Qxc3 Qf2+ 34. Kh3 Qf1+ 35. Kg4 Qd1+ 36. Bf3 Qd7+ 37. Kh5 Qh3+ 38. Kg6 Qe6+ 39. Kh5 Qf7+ 40. Kg4 Qe6+ 41. Kh5 Qf7+ 42. Kg4 1/2-1/2